<?xml version="1.0" encoding="UTF-8"?>
<record
    xmlns:xsi="http://www.w3.org/2001/XMLSchema-instance"
    xsi:schemaLocation="http://www.loc.gov/MARC21/slim http://www.loc.gov/standards/marcxml/schema/MARC21slim.xsd"
    xmlns="http://www.loc.gov/MARC21/slim">

  <leader>01746    a2200193   4500</leader>
  <controlfield tag="001">57003</controlfield>
  <controlfield tag="005">20260407155832.0</controlfield>
  <controlfield tag="008">260407a1970    arg                 spa d</controlfield>
  <controlfield tag="003">AR-UNSa-BCEJYS</controlfield>
  <datafield tag="040" ind1=" " ind2=" ">
    <subfield code="a">AR-UNSa-BCEJYS</subfield>
    <subfield code="b">spa</subfield>
    <subfield code="c">AR-UNSa-BCEJYS</subfield>
  </datafield>
  <datafield tag="080" ind1=" " ind2=" ">
    <subfield code="a">658.3</subfield>
    <subfield code="x">Personal. Relaciones humanas en la empresa (Recursos Humanos)</subfield>
  </datafield>
  <datafield tag="245" ind1="1" ind2="0">
    <subfield code="a">Econom&#xED;a de los Recursos Humanos</subfield>
  </datafield>
  <datafield tag="264" ind1=" " ind2="1">
    <subfield code="a">Buenos Aires :</subfield>
    <subfield code="b">Fondo de Cultura Econ&#xF3;mica</subfield>
    <subfield code="c">1970</subfield>
  </datafield>
  <datafield tag="300" ind1=" " ind2=" ">
    <subfield code="a">278 p.</subfield>
    <subfield code="c">20 cm.</subfield>
  </datafield>
  <datafield tag="505" ind1=" " ind2=" ">
    <subfield code="a">Primera parte. La oferta de trabajo: 1. Introducci&#xF3;n &#x2013; 2. El tama&#xF1;o de la poblaci&#xF3;n &#x2013; 3. Las capacidades de la fuerza de trabajo &#x2013; 4. Factores que influyen en las aptitudes de la fuerza de trabajo: El &#xE1;rea psicomotriz &#x2013; 5. Factores que influyen en las aptitudes de la fuerza de trabajo: el &#xE1;rea intelectual &#x2013; 6. Factores que influyen en las aptitudes de la fuerza de trabajo: la educaci&#xF3;n: observaciones generales &#x2013; 7. Factores que influyen en las aptitudes de la fuerza de trabajo: la demanda de educaci&#xF3;n &#x2013; 8. Factores que influyen en las aptitudes de la fuerza de trabajo: la oferta de educaci&#xF3;n &#x2013; 9. Factores que influyen en las aptitudes de la fuerza de trabajo: el mercado de la educaci&#xF3;n &#x2013; Segunda parte. La demanda de la fuerza de trabajo y el mercado de trabajo: 10. Introducci&#xF3;n &#x2013; 11. El tama&#xF1;o y estructura de la fuerza de trabajo y la producci&#xF3;n &#x2013; 12. Las condiciones psicomotrices e intelectuales de la fuerza de trabajo y la producci&#xF3;n &#x2013; 13. La educaci&#xF3;n de la fuerza de trabajo y la producci&#xF3;n &#x2013; 14. La demanda de trabajo y el sistema educativo &#x2013; 15. La distribuci&#xF3;n del ingreso y el crecimiento econ&#xF3;mico </subfield>
  </datafield>
  <datafield tag="942" ind1=" " ind2=" ">
    <subfield code="c">BK</subfield>
  </datafield>
  <datafield tag="590" ind1=" " ind2=" ">
    <subfield code="a">niveau_biblio:m niveau_hierar:0</subfield>
  </datafield>
  <datafield tag="100" ind1="1" ind2=" ">
    <subfield code="a">Correa, H&#xE9;ctor</subfield>
  </datafield>
  <datafield tag="999" ind1=" " ind2=" ">
    <subfield code="c">6091</subfield>
    <subfield code="d">6091</subfield>
  </datafield>
  <datafield tag="952" ind1=" " ind2=" ">
    <subfield code="0">0</subfield>
    <subfield code="1">0</subfield>
    <subfield code="4">0</subfield>
    <subfield code="7">0</subfield>
    <subfield code="a">BCEJYS</subfield>
    <subfield code="b">BCEJYS</subfield>
    <subfield code="c">16</subfield>
    <subfield code="d">2026-04-07</subfield>
    <subfield code="l">0</subfield>
    <subfield code="o">658.3 C824</subfield>
    <subfield code="p">L128643</subfield>
    <subfield code="r">2026-04-07 15:58:32</subfield>
    <subfield code="w">2026-04-07</subfield>
    <subfield code="y">L</subfield>
  </datafield>
  <datafield tag="952" ind1=" " ind2=" ">
    <subfield code="0">0</subfield>
    <subfield code="1">0</subfield>
    <subfield code="4">0</subfield>
    <subfield code="7">0</subfield>
    <subfield code="a">BCEJYS</subfield>
    <subfield code="b">BCEJYS</subfield>
    <subfield code="c">16</subfield>
    <subfield code="d">2026-04-07</subfield>
    <subfield code="l">0</subfield>
    <subfield code="o">658.3 C824</subfield>
    <subfield code="p">L24440</subfield>
    <subfield code="r">2026-04-07 15:58:32</subfield>
    <subfield code="w">2026-04-07</subfield>
    <subfield code="y">L</subfield>
  </datafield>
  <datafield tag="952" ind1=" " ind2=" ">
    <subfield code="0">0</subfield>
    <subfield code="1">0</subfield>
    <subfield code="4">0</subfield>
    <subfield code="7">0</subfield>
    <subfield code="a">BCEJYS</subfield>
    <subfield code="b">BCEJYS</subfield>
    <subfield code="c">16</subfield>
    <subfield code="d">2026-04-07</subfield>
    <subfield code="l">0</subfield>
    <subfield code="o">658.3 C824</subfield>
    <subfield code="p">L24439</subfield>
    <subfield code="r">2026-04-07 15:58:32</subfield>
    <subfield code="w">2026-04-07</subfield>
    <subfield code="y">L</subfield>
  </datafield>
</record>
